01077 2200385 4500001002100000001002100021005001500042020002200057035002400079040001200103082001700115084001700132090001800149090001700167100001800184245006500202245009300267250001100360260003000371260003500401300003300436504003100469650002800500700001300528700001800541850001200559990001500571990001500586990001500601990001500616990001500631990001500646990001500661990001500676YOGYA000000000001053YOGYA00000000000105320140822082719 a978-602-9193-27-5 0010-081400000001093 aYOPDYOG 2[22]a370.19 a370.19 Too S a657. 45 Mun A a370.19 Too S aTOOLEY, James aAuditing : pokok-pokok pemeriksaan akuntan bag IcMunawir, S aSekolah untuk kaum miskinc/ James Tooley ; penerjemah Adi Toha ; editor, Indi Aunullah. aCet.1. aYogyakartabLibertyc1987 aJakartabPustaka Alvabetc2013 aix, 474 hlm.c20 cm (3 eks.) aBibliografi : hlm. 465-474 aPendidikan-aspek sosial aAdi Toha aIndi Aunullah aYOPDYOG a89278-p/97 a89280-p/97 a47866.P/94 a54781.P/94 a47866.P/94 a89278-P/97 a89280-P/97 a54781.P/94